Statistics for Can You Name Every Minecraft Block and Item? [Java 1.20]

Click here to take the quiz!

General Stats

  • This quiz has been taken 4,610 times
    (2,652 since last reset)
  • The average score is 163 of 1331

Answer Stats

GroupAnswer% Correct
Pre-ClassicDirt
84%
BetaGrass
83%
Pre-ClassicStone
81%
Pre-ClassicCobblestone
77%
IndevDiamond
68%
ClassicWater
62%
ClassicLava
59%
ClassicIron Ore
54%
ClassicSand
54%
Pre-ClassicOak Planks
53%
1.3Oak Wood
52%
AlphaRedstone
52%
IndevCoal
51%
ClassicOak Log
50%
ClassicGlass
48%
ClassicGold Ore
47%
ClassicObsidian
46%
ClassicOak Leaves
45%
IndevCrafting Table
44%
IndevDiamond Ore
44%
1.3Emerald
43%
InfdevOak Door
43%
ClassicBedrock
42%
IndevIron Ingot
42%
IndevStick
41%
IndevChest
40%
IndevFurnace
40%
ClassicGravel
40%
AlphaNetherrack
40%
InfdevOak Stairs
40%
ClassicWhite Wool
40%
InfdevBucket
39%
IndevDiamond Block
39%
IndevDiamond Sword
39%
Pre-ClassicGrass Block
39%
AlphaOak Fence
39%
IndevGold Ingot
38%
1.3Oak Slab
38%
IndevTorch
38%
IndevWooden Sword
38%
AlphaBrick
37%
IndevIron Sword
37%
1.3Birch Wood
36%
BetaLapis Lazuli
36%
AlphaLeather
36%
ClassicRed Wool
36%
InfdevWater Bucket
36%
IndevWheat
36%
IndevWooden Pickaxe
36%
ClassicBlack Wool
35%
ClassicBlue Wool
35%
AlphaBook
35%
IndevDiamond Pickaxe
35%
IndevIron Pickaxe
35%
BetaBirch Log
34%
BetaBone
34%
ClassicCoal Ore
34%
IndevDiamond Axe
34%
ClassicGreen Wool
34%
InfdevLava Bucket
34%
1.2Birch Planks
33%
IndevBow
33%
1.4Carrot
33%
IndevDiamond Hoe
33%
IndevIron Axe
33%
IndevStone Sword
33%
IndevWooden Axe
33%
ClassicYellow Wool
33%
ClassicArrow
32%
IndevDiamond Shovel
32%
IndevFlint
32%
BetaGlass Pane
32%
IndevIron Hoe
32%
IndevIron Shovel
32%
ClassicPink Wool
32%
AlphaRedstone Ore
32%
BetaSandstone
32%
IndevStone Pickaxe
32%
IndevWooden Hoe
32%
IndevWooden Shovel
32%
IndevApple
31%
AlphaClay
31%
IndevFire
31%
IndevIron Helmet
31%
ClassicOrange Wool
31%
AlphaSnow
31%
1.16Chain
30%
1.17Deepslate
30%
IndevGolden Sword
30%
IndevIron Boots
30%
IndevIron Chestplate
30%
1.13Pumpkin
30%
ClassicPurple Wool
30%
1.5Redstone Block
30%
1.3Spruce Wood
30%
IndevStone Axe
30%
IndevDiamond Boots
29%
IndevDiamond Chestplate
29%
IndevDiamond Helmet
29%
1.3Emerald Ore
29%
IndevGolden Pickaxe
29%
ClassicGrey Wool
29%
Pre-ClassicOak Sapling
29%
BetaOak Trapdoor
29%
1.4Potato
29%
BetaRed Bed
29%
AlphaSoul Sand
29%
BetaSpruce Log
29%
1.8Birch Door
28%
BetaBirch Leaves
28%
ClassicBlock of Iron
28%
ClassicCyan Wool
28%
1.0End Stone
28%
IndevIron Legginngs
28%
1.2Spruce Planks
28%
IndevStone Hoe
28%
IndevStone Shovel
28%
ClassicBookshelf
27%
1.17Copper Ore
27%
IndevDiamond Leggings
27%
1.0Enchanting Table
27%
InfdevGolden Apple
27%
IndevGolden Axe
27%
IndevGolden Hoe
27%
1.8Granite
27%
ClassicMossy Cobblestone
27%
ClassicTNT
27%
1.8Andesite
26%
1.8Birch Fence
26%
1.3Birch Slab
26%
1.3Birch Stairs
26%
ClassicBlock of Gold
26%
ClassicBrown Wool
26%
1.6Coal Block
26%
1.8Diorite
26%
AlphaEgg
26%
1.3Emerald Block
26%
BetaEnder Pearl
26%
IndevFlint and Steel
26%
IndevGolden Shovel
26%
ClassicMagenta Wool
26%
1.5Nether Brick
26%
1.4Oak Button
26%
IndevString
26%
1.14Bamboo
25%
BetaCake
25%
1.7Dark Oak Log
25%
1.7Dark Oak Wood
25%
AlphaGlowstone
25%
1.3Jungle Wood
25%
IndevLeather Boots
25%
ClassicLime Wool
25%
AlphaOak Boat
25%
BetaOak Fence Gate
25%
IndevSeeds
25%
1.8Spruce Door
25%
BetaSteak
25%
BetaSugar
25%
1.12White Bed
25%
1.7Acacia Wood
24%
1.12Blue Bed
24%
1.7Dark Oak Planks
24%
IndevGolden Helmet
24%
ClassicLight Blue Wool
24%
ClassicLight Grey Wool
24%
AlphaMilk Bucket
24%
BetaRaw Beef
24%
AlphaRedstone Torch
24%
BetaRotten Flesh
24%
BetaSmooth Stone
24%
BetaSpruce Leaves
24%
1.3Spruce Slab
24%
BetaStone Bricks
24%
1.7Acacia Log
23%
1.16Ancient Debris
23%
1.0Blaze Rod
23%
IndevGolden Boots
23%
IndevGolden Chestplate
23%
BetaMelon
23%
InfdevMinecart
23%
1.16Netherite Ingot
23%
ClassicPoppy
23%
1.8Spruce Fence
23%
AlphaSugar Cane
23%
1.7Tall Grass
23%
1.12Yellow Bed
23%
1.7Acacia Planks
22%
1.4Anvil
22%
1.9Beetroot
22%
IndevCooked Porkchop
22%
1.8Dark Oak Door
22%
1.8Dark Oak Fence
22%
IndevGolden Leggings
22%
1.0Gold Nugget
22%
1.12Green Bed
22%
IndevGunpowder
22%
AlphaIce
22%
1.11Iron Nugget
22%
1.2Jungle Log
22%
1.2Jungle Planks
22%
1.16Netherite Sword
22%
AlphaOak Pressure Plate
22%
BetaPiston
22%
BetaRaw Chicken
22%
BetaRed Dye
22%
ClassicRed Mushroom
22%
1.3Spruce Stairs
22%
1.14Stone Slab
22%
1.8Acacia Door
21%
1.12Black Bed
21%
BetaBone Meal
21%
ClassicBricks
21%
ClassicBrown Mushroom
21%
AlphaCactus
21%
BetaCooked Chicken
21%
1.7Dark Oak Leaves
21%
1.7Dark Oak Slab
21%
1.8Jungle Door
21%
BetaLapis Lazuli Ore
21%
1.16Netherite Pickaxe
21%
1.12Orange Bed
21%
InfdevRail
21%
IndevRaw Porkchop
21%
1.0Spider Eye
21%
BetaVine
21%
1.8Acacia Fence
20%
1.7Acacia Stairs
20%
1.13Birch Trapdoor
20%
1.14Black Dye
20%
1.14Blue Dye
20%
IndevBread
20%
1.17Copper Block
20%
ClassicDandelion
20%
1.7Dark Oak Stairs
20%
1.0Dragon Egg
20%
1.0Eye of Ender
20%
IndevFeather
20%
AlphaFishing Rod
20%
AlphaIron Door
20%
1.2Jungle Leaves
20%
1.14Lantern
20%
1.16Netherite Hoe
20%
1.12Pink Bed
20%
1.12Purple Bed
20%
1.7Red Sand
20%
InfdevSpawner
20%
BetaSticky Piston
20%
BetaYellow Dye
20%
1.7Acacia Leaves
19%
1.7Acacia Slab
19%
1.4Beacon
19%
1.9Birch Boat
19%
BetaBirch Sapling
19%
1.14Blast Furnace
19%
InfdevCobblestone Stairs
19%
1.17Copper Ingot
19%
1.3Enchanted Golden Apple
19%
1.4Golden Carrot
19%
BetaGreen Dye
19%
1.8Jungle Fence
19%
1.3Jungle Slab
19%
1.3Jungle Stairs
19%
IndevLeather Pants
19%
1.16Netherite Axe
19%
1.16Netherite Chestplate
19%
1.16Netherite Shovel
19%
InfdevOak Sign
19%
1.7Pufferfish
19%
1.17Raw Iron
19%
1.7Raw Salmon
19%
BetaRedstone Repeater
19%
AlphaSlimeball
19%
1.8Slime Block
19%
1.13Spruce Trapdoor
19%
1.6Terracotta
19%
1.14White Dye
19%
1.15Bee Hive
18%
1.13Birch Button
18%
1.8Birch Fence Gate
18%
1.16Blackstone
18%
1.0Brewing Stand
18%
AlphaCat
18%
IndevChainmail Boots
18%
IndevChainmail Chestplate
18%
IndevChainmail Helmet
18%
BetaCobblestone Slab
18%
1.7Cooked Salmon
18%
1.12Cyan Bed
18%
1.9Elytra
18%
1.4Enchanted Book
18%
1.0End Portal
18%
1.12Grey Bed
18%
1.15Honey Block
18%
BetaInk Sac
18%
IndevLeather Cap
18%
1.16Netherite Boots
18%
1.16Netherite Helmet
18%
1.0Nether Wart
18%
BetaOrange Dye
18%
BetaPink Dye
18%
1.8Prismarine
18%
BetaPurple Dye
18%
AlphaRaw Cod
18%
1.8Raw Mutton
18%
1.7Red Stained Glass
18%
InfdevSaddle
18%
1.9Spruce Boat
18%
1.13Spruce Button
18%
AlphaStone Button
18%
1.14Stone Stairs
18%
1.7Blue Stained Glass
17%
1.14Campfire
17%
1.0Cauldron
17%
IndevChainmail Leggings
17%
BetaCharcoal
17%
1.8Coarse Dirt
17%
1.4Cobblestone Wall
17%
1.4Command Block
17%
AlphaCooked Cod
17%
1.8Cooked Mutton
17%
1.1Cow Spawn Egg
17%
1.14Crossbow
17%
BetaGrey Dye
17%
InfdevLadder
17%
BetaLapis Lazuli Block
17%
AlphaLever
17%
1.12Lime Bed
17%
1.16Netherite Leggings
17%
1.6Red Carpet
17%
1.9Shield
17%
1.11Shulker Box
17%
ClassicSponge
17%
1.8Spruce Fence Gate
17%
BetaSpruce Sapling
17%
1.5Trapped Chest
17%
1.1Zombie Spawn Egg
17%
1.9Acacia Boat
16%
1.13Acacia Trapdoor
16%
1.7Black Stained Glass
16%
1.10Bone Block
16%
1.1Creeper Spawn Egg
16%
BetaCyan Dye
16%
1.9Dark Oak Boat
16%
1.13Dark Oak Button
16%
1.13Dark Oak Trapdoor
16%
BetaDispenser
16%
BetaIron Bars
16%
1.13Jungle Trapdoor
16%
1.13Kelp
16%
IndevLeather Tunic
16%
1.12Magenta Bed
16%
1.0Nether Bricks
16%
1.7Orange Stained Glass
16%
AlphaPaper
16%
1.1Pig Spawn Egg
16%
1.8Polished Diorite
16%
1.8Polished Granite
16%
BetaPowered Rail
16%
1.14Smoker
16%
AlphaSnowball
16%
1.13Stripped Oak Log
16%
1.13Trident
16%
1.7Tropical Fish
16%
1.6White Carpet
16%
1.7White Stained Glass
16%
1.7Yellow Stained Glass
16%
1.4Zombie Head
16%
1.13Acacia Button
15%
1.8Acacia Fence Gate
15%
1.13Birch Pressure Plate
15%
1.12Black Concrete
15%
1.0Blaze Powder
15%
1.6Blue Carpet
15%
1.12Blue Concrete
15%
1.6Blue Terracotta
15%
1.12Brown Bed
15%
1.20Cherry Log
15%
1.20Cherry Wood
15%
1.1Chicken Spawn Egg
15%
BetaCocoa Bean
15%
BetaCookie
15%
1.4Creeper Head
15%
1.8Dark Oak Fence Gate
15%
1.7Dark Oak Sapling
15%
1.3Ender Chest
15%
1.7Green Stained Glass
15%
1.6Hay Bale
15%
1.5Hopper
15%
1.4Item Frame
15%
AlphaJack'o'lantern
15%
1.9Jungle Boat
15%
1.12Light Blue Bed
15%
BetaLight Blue Dye
15%
1.12Light Grey Bed
15%
BetaLime Dye
15%
BetaMagenta Dye
15%
1.10Magma Block
15%
BetaMap
15%
1.0Mycelium
15%
1.5Nether Quartz
15%
1.7Packed Ice
15%
1.7Pink Stained Glass
15%
1.8Polished Andesite
15%
BetaPumpkin Seed
15%
1.7Purple Stained Glass
15%
1.17Raw Gold
15%
1.12Red Concrete
15%
1.6Red Terracotta
15%
BetaShears
15%
1.1Sheep Spawn Egg
15%
1.1Skeleton Spawn Egg
15%
AlphaSnow block
15%
1.1Villager Spawn Egg
15%
1.0Water Bottle
15%
1.12White Concrete
15%
1.4Baked Potato
14%
1.9Beetroot Seed
14%
1.14Birch Sign
14%
1.6Black Carpet
14%
1.13Blue Ice
14%
1.14Brown Dye
14%
1.20Cherry Planks
14%
1.16Crying Obsidian
14%
1.7Cyan Stained Glass
14%
1.5Dropper
14%
BetaFern
14%
1.0Ghast Tear
14%
1.0Glass Bottle
14%
1.12Green Concrete
14%
1.7Grey Stained Glass
14%
1.15Honey Bottle
14%
1.13Jungle Button
14%
1.8Jungle Fence Gate
14%
1.2Jungle Sapling
14%
BetaLight Grey Dye
14%
BetaMelon Seed
14%
1.19Mud
14%
IndevMushroom Stew
14%
1.12Orange Concrete
14%
1.7Podzol
14%
1.8Red Sandstone
14%
1.19Sculk
14%
1.14Smithing Table
14%
1.16Soul Soil
14%
1.13Spruce Pressure Plate
14%
AlphaStone Pressure Plate
14%
1.6White Terracotta
14%
1.4Wither Skeleton Skull
14%
1.6Yellow Carpet
14%
1.12Yellow Concrete
14%
1.7Acacia Sapling
13%
1.16Basalt
13%
1.6Black Terracotta
13%
AlphaCarved Pumpkin
13%
1.17Cobbled Deepslate
13%
BetaCobweb
13%
AlphaCompass
13%
1.13Dark Oak Pressure Plate
13%
1.9End Crystal
13%
1.1Enderman Spawn Egg
13%
1.14Fletching Table
13%
1.4Flower Pot
13%
AlphaGlowstone Dust
13%
1.6Green Carpet
13%
1.6Green Terracotta
13%
1.12Grey Concrete
13%
1.15Honeycomb
13%
1.6Lead
13%
1.7Light Blue Stained Glass
13%
1.7Light Grey Stained Glass
13%
1.7Lime Stained Glass
13%
1.7Magenta Stained Glass
13%
1.19Mangrove Log
13%
1.17Moss Block
13%
1.0Nether Brick Fence
13%
1.11Observer
13%
1.6Orange Carpet
13%
1.6Orange Terracotta
13%
1.6Pink Carpet
13%
1.12Pink Concrete
13%
1.6Purple Carpet
13%
1.17Raw Copper
13%
1.5Redstone Comparator
13%
1.7Rose Bush
13%
ClassicSmooth Stone Slab
13%
1.16Soul Torch
13%
1.1Spider Spawn Egg
13%
1.14Spruce Sign
13%
1.7Sunflower
13%
1.0Ward
13%
1.6Yellow Terracotta
13%
1.14Barrel
12%
1.16Block of Netherite
12%
1.7Brown Stained Glass
12%
1.20Cherry Door
12%
1.20Cherry Fence
12%
1.2Chiseled Sandstone
12%
AlphaClock
12%
1.14Dark Oak Sign
12%
1.17Deepslate Diamond Ore
12%
1.9Dragon Head
12%
1.0Far
12%
1.6Grey Carpet
12%
1.6Grey Terracotta
12%
1.8Iron Trapdoor
12%
AlphaJukebox
12%
1.13Jungle Pressure Plate
12%
1.12Light Blue Concrete
12%
1.12Magenta Concrete
12%
1.19Mangrove Planks
12%
BetaMossy Stone Bricks
12%
1.6Pink Terracotta
12%
1.4Poisonous Potato
12%
1.4Pumpkin Pie
12%
1.12Purple Concrete
12%
1.6Purple Terracotta
12%
1.9Purpur Block
12%
1.7Red Stained Glass Pane
12%
BetaSandstone Slab
12%
1.4Skeleton Skull
12%
1.16Soul Lantern
12%
1.13Stripped Birch Log
12%
1.13Stripped Spruce Log
12%
1.1Wolf Spawn Egg
12%
1.13Acacia Pressure Plate
11%
1.14Acacia Sign
11%
1.7Black Stained Glass Pane
11%
1.1Blaze Spawn Egg
11%
1.7Blue Stained Glass Pane
11%
1.6Brown Carpet
11%
1.12Brown Concrete
11%
1.20Cherry Leaves
11%
1.20Cherry Slab
11%
1.20Cherry Stairs
11%
1.6Cyan Carpet
11%
1.12Cyan Concrete
11%
1.6Cyan Terracotta
11%
1.8Dark Prismarine
11%
BetaDead Bush
11%
1.6Diamond Horse Armor
11%
1.0End Portal Frame
11%
1.9End Rod
11%
1.1Ghast Spawn Egg
11%
1.7Green Stained Glass Pane
11%
1.6Horse Spawn Egg
11%
1.14Jungle Sign
11%
1.6Light Blue Carpet
11%
1.6Light Blue Terracotta
11%
1.6Light Grey Carpet
11%
1.12Light Grey Concrete
11%
1.6Lime Carpet
11%
1.12Lime Concrete
11%
1.6Lime Terracotta
11%
1.6Magenta Carpet
11%
1.6Magenta Terracotta
11%
1.0Magma Cream
11%
1.19Mangrove Door
11%
1.19Mangrove Fence
11%
1.19Mangrove Slab
11%
1.19Mangrove Wood
11%
1.0Nether Brick Stairs
11%
1.16Netherite Scrap
11%
AlphaNether Portal
11%
1.4Nether Star
11%
1.7Orange Stained Glass Pane
11%
1.7Orange Tulip
11%
1.7Purple Stained Glass Pane
11%
1.8Raw Rabbit
11%
1.2Redstone Lamp
11%
1.7Red Tulip
11%
1.3Sandstone Stairs
11%
1.8Sea Lantern
11%
1.5Smooth Sandstone
11%
BetaStone Brick Slab
11%
BetaStone Brick Stairs
11%
1.13Stripped Dark Oak Log
11%
1.14Suspicious Stew
11%
1.8White Banner
11%
1.7White Stained Glass Pane
11%
1.7Yellow Stained Glass Pane
11%
1.14Andesite Slab
10%
1.8Armor Stand
10%
1.20Bamboo Planks
10%
1.8Barrier Block
10%
1.9Beetroot Soup
10%
1.12Black Concrete Powder
10%
1.5Block of Quartz
10%
1.8Blue Banner
10%
1.12Blue Concrete Powder
10%
1.3Book and Quill
10%
IndevBowl
10%
BetaBrick Slab
10%
BetaBrick Stairs
10%
BetaBrown Mushroom Block
10%
1.6Brown Terracotta
10%
1.20Cherry Boat
10%
1.20Cherry Trapdoor
10%
AlphaChest Minecart
10%
1.8Cooked Rabbit
10%
1.7Cyan Stained Glass Pane
10%
1.17Deepslate Iron Ore
10%
1.13Dried Kelp
10%
1.9End Stone Bricks
10%
1.0Fermented Spider Eye
10%
1.8Green Banner
10%
1.7Grey Stained Glass Pane
10%
1.6Iron Horse Armor
10%
1.14Lectern
10%
1.7Light Blue Stained Glass Pane
10%
1.7Light Grey Stained Glass Pane
10%
1.6Light Grey Terracotta
10%
1.0Lily Pad
10%
1.7Lime Stained Glass Pane
10%
1.14Loom
10%
1.7Magenta Stained Glass Pane
10%
1.19Mangrove Leaves
10%
1.19Mangrove Stairs
10%
BetaMelon Slice
10%
1.4Nether Brick Slab
10%
BetaNote Block
10%
1.2Ocelot Spawn Egg
10%
1.9Path
10%
1.16Piglin Spawn Egg
10%
1.7Pink Stained Glass Pane
10%
1.0Potion of Healing
10%
1.8Rabbit Stew
10%
1.8Red Banner
10%
1.12Red Concrete Powder
10%
BetaRed Mushroom Block
10%
1.17Sculk Sensor
10%
1.13Seagrass
10%
1.14Stone Brick Wall
10%
1.14Stonecutter
10%
1.13Stripped Jungle Log
10%
1.13Stripped Oak Wood
10%
1.11Totem of Undying
10%
1.3Tripwire Hook
10%
1.17Tuff
10%
1.16Warped Planks
10%
1.8Wet Sponge
10%
1.12White Concrete Powder
10%
1.7White Tulip
10%
1.10Wither Skeleton Spawn Egg
10%
1.8Yellow Banner
10%
1.12Yellow Concrete Powder
10%
1.011
9%
Alpha13
9%
1.14Andesite Stairs
9%
1.17Azalea
9%
1.15Bee Spawn Egg
9%
1.8Black Banner
9%
1.7Brown Stained Glass Pane
9%
1.13Bucket of Cod
9%
1.13Bucket of Salmon
9%
1.13Bucket of Tropical Fish
9%
1.14Cartography Table
9%
1.1Cave Spider Spawn Egg
9%
1.20Cherry Button
9%
1.14Composter
9%
BetaCracked Stone Bricks
9%
1.16Crimson Planks
9%
1.17Deepslate Coal Ore
9%
1.17Deepslate Emerald Ore
9%
1.17Deepslate Gold Ore
9%
1.14Diorite Slab
9%
1.14Diorite Stairs
9%
1.10Donkey Spawn Egg
9%
IndevFarmland
9%
1.19Frogspawn
9%
1.17Glow Berries
9%
1.6Golden Horse Armor
9%
1.14Granite Slab
9%
1.14Granite Stairs
9%
1.12Green Concrete Powder
9%
1.8Grey Banner
9%
1.12Grey Concrete Powder
9%
1.14Grindstone
9%
BetaInfested Stone
9%
1.12Light Grey Concrete Powder
9%
1.17Lightning Rod
9%
1.7Lilac
9%
1.12Magenta Concrete Powder
9%
1.19Mangrove Boat
9%
1.19Mangrove Fence Gate
9%
1.19Mangrove Trapdoor
9%
1.5Nether Quartz Ore
9%
1.8Orange Banner
9%
1.12Orange Concrete Powder
9%
1.14Pillager Spawn Egg
9%
1.8Pink Banner
9%
1.12Pink Concrete Powder
9%
1.7Pink Tulip
9%
1.4Player Head
9%
1.0Potion of Strength
9%
1.0Potion of Swiftness
9%
1.8Purple Banner
9%
1.12Purple Concrete Powder
9%
1.5Quartz Pillar
9%
1.11Shulker Shell
9%
1.1Silverfish Spawn Egg
9%
1.1Slime Spawn Egg
9%
1.20Sniffer Egg
9%
1.16Soul Campfire
9%
1.17Spyglass
9%
1.1Squid Spawn Egg
9%
1.13Stripped Acacia Log
9%
1.19Warden Spawn Egg
9%
1.4Witch Spawn Egg
9%
1.5Activator Rail
8%
1.17Amethyst Shard
8%
1.14Andesite Wall
8%
1.20Bamboo Raft
8%
1.14Bell
8%
1.14Brick Wall
8%
1.12Brown Concrete Powder
8%
1.17Bucket of Axolotl
8%
1.13Bucket of Pufferfish
8%
1.4Carrot on a stick
8%
1.20Cherry Pressure Plate
8%
1.20Cherry Sapling
8%
1.2Chiseled Stone Bricks
8%
1.13Cod Spawn Egg
8%
1.14Cornflower
8%
1.8Cyan Banner
8%
1.12Cyan Concrete Powder
8%
1.17Deepslate Redstone Ore
8%
BetaDetector Rail
8%
1.14Diorite Wall
8%
1.13Dolphin Spawn Egg
8%
1.8Endermite Spawn Egg
8%
1.2Fire Charge
8%
1.17Glow Ink Sac
8%
1.19Goat Horn
8%
1.14Granite Wall
8%
1.8Guardian Spawn Egg
8%
1.13Heart of the Sea
8%
1.16Hoglin Spawn Egg
8%
1.8Light Blue Banner
8%
1.12Light Blue Concrete Powder
8%
1.8Light Grey Banner
8%
1.14Lily of the Valley
8%
1.8Lime Banner
8%
1.12Lime Concrete Powder
8%
1.8Magenta Banner
8%
1.1Magma Cube Spawn Egg
8%
1.19Mangrove Button
8%
1.17Moss Carpet
8%
1.14Mossy Cobblestone Slab
8%
1.14Mossy Cobblestone Stairs
8%
1.4Mossy Cobblestone Wall
8%
1.10Mule Spawn Egg
8%
1.6Name Tag
8%
1.16Nether Gold Ore
8%
1.10Nether Wart Block
8%
1.14Panda Spawn Egg
8%
1.12Parrot Spawn Egg
8%
1.7Peony
8%
1.16Pigstep
8%
1.14Polished Andesite Slab
8%
1.14Polished Andesite Stairs
8%
1.16Polished Blackstone
8%
1.14Polished Diorite Slab
8%
1.14Polished Diorite Stairs
8%
1.14Polished Granite Slab
8%
1.14Polished Granite Stairs
8%
1.0Potion of Fire Resistance
8%
1.0Potion of Harming
8%
1.4Potion of Night Vision
8%
1.0Potion of Poison
8%
1.0Potion of Regeneration
8%
1.8Prismarine Shard
8%
1.9Purpur Slab
8%
1.9Purpur Stairs
8%
1.5Quartz Slab
8%
1.5Quartz Stairs
8%
1.8Rabbit's Foot
8%
1.17Rooted Dirt
8%
1.13Salmon Spawn Egg
8%
1.14Scaffolding
8%
1.13Stripped Birch Wood
8%
1.14Sweet Berries
8%
1.17Tinted Glass
8%
1.13Turtle Spawn Egg
8%
1.16Warped Fence
8%
1.16Warped Fungus
8%
1.14Whither Rose
8%
1.17Axolotl Spawn Egg
7%
1.4Bat Spawn Egg
7%
1.15Bee Nest
7%
1.12Black Glazed Terracotta
7%
1.16Blackstone Slab
7%
1.17Block of Raw Iron
7%
1.12Blue Glazed Terracotta
7%
1.11Blue Shulker Box
7%
1.8Brown Banner
7%
1.20Brush
7%
1.17Calcite
7%
1.17Candle
7%
1.20Cherry Sign
7%
1.8Chiseled Red Sandstone
7%
1.13Conduit
7%
1.16Crimson Door
7%
1.16Crimson Fence
7%
1.16Crimson Slab
7%
1.16Crimson Stairs
7%
1.16Crimson Stem
7%
1.17Deepslate Bricks
7%
1.13Drowned Spawn Egg
7%
1.10Elder Guardian Spawn Egg
7%
1.19Ender Dragon Spawn Egg
7%
1.4Firework Rocket
7%
1.14Fox Spawn Egg
7%
AlphaFurnace Minecart
7%
1.16Gilded Blackstone
7%
1.12Green Glazed Terracotta
7%
1.10Husk Spawn Egg
7%
1.19Iron Golem Spawn Egg
7%
1.14Leather Horse Armor
7%
1.11Llama Spawn Egg
7%
1.19Mangrove Pressure Plate
7%
1.19Mangrove Roots
7%
1.1Mooshroom Spawn Egg
7%
BetaMushroom Stem
7%
1.20Oak Hanging Sign
7%
1.12Orange Glazed Terracotta
7%
1.18Otherside
7%
1.13Phantom Membrane
7%
1.13Phantom Spawn Egg
7%
1.12Pink Glazed Terracotta
7%
1.10Polar Bear Spawn Egg
7%
1.8Potion of Leaping
7%
1.0Potion of Slowness
7%
1.7Potion of Water Breathing
7%
1.0Potion of Weakness
7%
1.17Powder Snow
7%
1.8Prismarine Bricks
7%
1.13Prismarine Slab
7%
1.13Prismarine Stairs
7%
1.13Pufferfish Spawn Egg
7%
1.12Purple Glazed Terracotta
7%
1.8Rabbit Spawn Egg
7%
1.12Red Glazed Terracotta
7%
1.10Red Nether Bricks
7%
1.11Red Shulker Box
7%
1.14Sandstone Wall
7%
1.19Sculk Catalyst
7%
1.19Sculk Shrieker
7%
1.13Scute
7%
1.13Sea Pickle
7%
1.9Shulker Spawn Egg
7%
1.5Smooth Quartz
7%
1.0Splash Potion of Healing
7%
1.0Stal
7%
1.13Stripped Dark Oak Wood
7%
1.13Stripped Jungle Wood
7%
1.19Stripped Mangrove Log
7%
1.13Stripped Spruce Wood
7%
1.20Suspicious Gravel
7%
1.20Suspicious Sand
7%
1.13Tropical Fish Spawn Egg
7%
1.13Turtle Shell
7%
1.11Vex Spawn Egg
7%
1.16Warped Door
7%
1.16Warped Slab
7%
1.16Warped Stairs
7%
1.16Warped Stem
7%
1.12White Glazed Terracotta
7%
1.11White Shulker Box
7%
1.12Yellow Glazed Terracotta
7%
1.195
6%
1.7Allium
6%
1.20Bamboo Door
6%
1.20Bamboo Slab
6%
1.20Bamboo Stairs
6%
1.11Black Shulker Box
6%
1.16Blackstone Stairs
6%
1.17Block of Amethyst
6%
1.17Block of Raw Gold
6%
1.0Blocks
6%
1.12Brown Glazed Terracotta
6%
1.0Chirp
6%
1.5Chiseled Quartz
6%
AlphaClay Ball
6%
1.16Crimson Button
6%
1.16Crimson Fence Gate
6%
1.16Crimson Trapdoor
6%
1.17Cut Copper
6%
1.12Cyan Glazed Terracotta
6%
1.11Cyan Shulker Box
6%
1.5Daylight Sensor
6%
1.17Deepslate Lapis Lazuli Ore
6%
1.9Dragon's Breath
6%
1.13Dried Kelp Block
6%
1.17Dripstone Block
6%
1.11Evoker Spawn Egg
6%
1.19Frog Spawn Egg
6%
1.0Glistering Melon
6%
1.17Glow Squid Spawn Egg
6%
1.11Green Shulker Box
6%
1.12Grey Glazed Terracotta
6%
1.11Grey Shulker Box
6%
BetaInfested Cobblestone
6%
BetaInfested Stone Bricks
6%
1.12Light Blue Glazed Terracotta
6%
1.12Light Grey Glazed Terracotta
6%
1.11Light Grey Shulker Box
6%
1.12Lime Glazed Terracotta
6%
1.11Lime Shulker Box
6%
1.12Magenta Glazed Terracotta
6%
1.19Mangrove Sign
6%
1.19Mud Bricks
6%
1.14Nether Brick Wall
6%
1.11Orange Shulker Box
6%
1.7Oxeye Daisy
6%
1.20Piglin Head
6%
1.11Pink Shulker Box
6%
1.17Polished Deepslate
6%
1.4Potion of Invisibility
6%
1.11Purple Shulker Box
6%
1.9Purpur Pillar
6%
1.8Rabbit Hide
6%
1.14Ravager Spawn Egg
6%
1.8Red Sandstone Slab
6%
1.8Red Sandstone Stairs
6%
1.8Smooth Red Sandstone
6%
1.16Soul Fire
6%
1.9Spectral Arrow
6%
1.0Splash Potion of Strength
6%
1.10Stray Spawn Egg
6%
1.13Stripped Acacia Wood
6%
1.13Turtle Eggs
6%
1.11Vindicator Spawn Egg
6%
1.16Warped Button
6%
1.16Warped Fence Gate
6%
1.16Warped Pressure Plate
6%
1.16Warped Trapdoor
6%
1.19Wither Spawn Egg
6%
1.11Yellow Shulker Box
6%
1.11Zombie Villager Spawn Egg
6%
1.20Acacia Hanging Sign
5%
1.19Allay Spawn Egg
5%
1.9Arrow of Harming
5%
1.0Awkward Potion
5%
1.17Azalea Leaves
5%
1.7Azure Bluet
5%
1.20Bamboo Fence
5%
1.20Bamboo Trapdoor
5%
1.20Birch Hanging Sign
5%
1.16Blackstone Wall
5%
1.17Block of Raw Copper
5%
1.17Blue Candle
5%
1.7Blue Orchid
5%
1.2Bottle o' Enchanting
5%
1.11Brown Shulker Box
5%
1.19Bucket of Tadpole
5%
1.20Camel Spawn Egg
5%
1.20Chiseled Bookshelf
5%
1.16Crimson Fungus
5%
1.16Crimson Pressure Plate
5%
1.16Crimson Sign
5%
1.2Cut Sandstone
5%
1.4Damaged Anvil
5%
1.20Dark Oak Hanging Sign
5%
1.13Dark Prismarine Stairs
5%
1.17Deepslate Copper Ore
5%
1.17Deepslate Tiles
5%
1.14End Stone Brick Slab
5%
1.14End Stone Brick Stairs
5%
1.20Jungle Hanging Sign
5%
1.7Large Fern
5%
1.11Light Blue Shulker Box
5%
1.16Lodestone
5%
1.11Magenta Shulker Box
5%
1.0Mall
5%
1.19Mangrove Propagule
5%
1.0Mellohi
5%
1.5Minecart with Hopper
5%
1.5Minecart with TNT
5%
1.14Mossy Stone Brick Slab
5%
1.14Mossy Stone Brick Stairs
5%
1.13Nautilus Shell
5%
1.19Oak Boat with Chest
5%
1.17Oxidised Copper
5%
1.16Piglin Brute Spawn Egg
5%
1.9Popped Chorus Fruit
5%
1.13Potion of Slow Falling
5%
1.13Potion of the Turtle Master
5%
1.17Red Candle
5%
1.14Red Sandstone Wall
5%
1.16Respawn Anchor
5%
1.19Sculk Vein
5%
1.16Shroomlight
5%
1.17Smooth Basalt
5%
1.14Smooth Sandstone Slab
5%
1.14Smooth Sandstone Stairs
5%
1.20Sniffer Spawn Egg
5%
1.19Snow Golem Spawn Egg
5%
1.0Splash Potion of Fire Resistance
5%
1.0Splash Potion of Harming
5%
1.4Splash Potion of Night Vision
5%
1.0Splash Potion of Poison
5%
1.0Splash Potion of Regeneration
5%
1.0Splash Potion of Slowness
5%
1.0Splash Potion of Swiftness
5%
1.0Splash Potion of Weakness
5%
1.20Spruce Hanging Sign
5%
1.16Strider Spawn Egg
5%
1.19Stripped Mangrove Wood
5%
1.9Structure Block
5%
1.16Target Block
5%
1.16Warped Sign
5%
1.17White Candle
5%
1.16Zoglin Spawn Egg
5%
1.19Acacia Boat with Chest
4%
1.9Arrow of Healing
4%
1.9Arrow of Poison
4%
1.9Arrow of Slowness
4%
1.20Bamboo Button
4%
1.20Bamboo Fence Gate
4%
1.20Bamboo Sign
4%
1.19Birch Boat with Chest
4%
1.17Black Candle
4%
1.20Block of Bamboo
4%
1.13Brain Coral
4%
1.17Brown Candle
4%
1.9Chain Command Block
4%
1.20Cherry Hanging Sign
4%
1.17Chiseled Deepslate
4%
1.9Chorus Flower
4%
1.9Chorus Plant
4%
1.17Cobbled Deepslate Slab
4%
1.17Cobbled Deepslate Stairs
4%
1.17Cobbled Deepslate Wall
4%
1.16Crimson Hyphae
4%
1.16Crimson Nylium
4%
1.17Cut Copper Stairs
4%
1.8Cut Red Sandstone
4%
1.17Cyan Candle
4%
1.19Dark Oak Boat with Chest
4%
1.13Dark Prismarine Slab
4%
1.13Debug Stick
4%
1.13Fire Coral
4%
1.4Firework Star
4%
1.17Flowering Azalea
4%
1.17Glow Item Frame
4%
1.17Glow Lichen
4%
1.17Green Candle
4%
1.17Grey Candle
4%
1.5Heavy Weighted Pressure Plate
4%
1.15Honeycomb Block
4%
1.7Infested Mossy Stone Bricks
4%
1.19Jungle Boat with Chest
4%
1.17Light Blue Candle
4%
1.17Light Grey Candle
4%
1.5Light Weighted Pressure Plate
4%
1.17Lime Candle
4%
1.9Lingering Potion of Healing
4%
1.17Magenta Candle
4%
1.20Mangrove Hanging Sign
4%
1.14Mossy Stone Brick Wall
4%
1.19Mud Brick Slab
4%
1.19Mud Brick Stairs
4%
1.0Mundane Potion
4%
1.17Orange Candle
4%
1.19Packed Mud
4%
BetaPetrified Oak Slab
4%
1.17Pink Candle
4%
1.16Polished Blackstone Bricks
4%
1.16Polished Blackstone Slab
4%
1.16Polished Blackstone Stairs
4%
1.9Potion of Luck
4%
1.17Powder Snow Bucket
4%
1.8Prismarine Crystal
4%
1.14Prismarine Wall
4%
1.17Purple Candle
4%
1.14Red Nether Brick Slab
4%
1.14Red Nether Brick Stairs
4%
1.9Repeating Command Block
4%
1.10Skeleton Horse Spawn Egg
4%
1.14Smooth Quartz Slab
4%
1.4Splash Potion of Invisibility
4%
1.8Splash Potion of Leaping
4%
1.7Splash Potion of Water Breathing
4%
1.19Spruce Boat with Chest
4%
1.16Stripped Crimson Stem
4%
1.16Stripped Warped Stem
4%
1.19Tadpole Spawn Egg
4%
1.20Torchflower
4%
1.4Wait
4%
1.14Wandering Trader Spawn Egg
4%
1.16Warped Hyphae
4%
1.16Warped Nylium
4%
1.17Weathered Copper
4%
1.17Weathered Cut Copper
4%
1.17Yellow Candle
4%
1.10Zombie Horse Spawn Egg
4%
1.17Amethyst Cluster
3%
1.9Arrow of Fire Resistance
3%
1.9Arrow of Leaping
3%
1.9Arrow of Night Vision
3%
1.9Arrow of Regeneration
3%
1.9Arrow of Strength
3%
1.9Arrow of Swiftness
3%
1.9Arrow of Water Breathing
3%
1.9Arrow of Weakness
3%
1.20Bamboo Mosaic
3%
1.20Bamboo Pressure Plate
3%
1.20Bamboo Raft with Chest
3%
1.14Berry Bush
3%
1.17Big Dripleaf
3%
1.13Bubble Coral
3%
1.17Budding Amethyst
3%
1.20Cherry Boat with Chest
3%
1.4Chipped Anvil
3%
1.16Chiseled Nether Bricks
3%
1.16Cracked Nether Bricks
3%
1.20Crimson Hanging Sign
3%
1.16Crimson Roots
3%
1.17Cut Copper Slab
3%
1.14Cut Sandstone Slab
3%
1.13Dead Brain Coral
3%
1.20Decorated Pot
3%
1.19Echo Shard
3%
1.9End Gateway
3%
1.14End Stone Brick Wall
3%
1.13Fire Coral Fan
3%
1.17Flowering Azalea Leaves
3%
1.7Infested Cracked Stone Bricks
3%
1.17Light Block
3%
1.9Lingering Potion of Fire Resistance
3%
1.9Lingering Potion of Harming
3%
1.9Lingering Potion of Leaping
3%
1.9Lingering Potion of Night Vision
3%
1.9Lingering Potion of Poison
3%
1.9Lingering Potion of Regeneration
3%
1.9Lingering Potion of Slowness
3%
1.9Lingering Potion of Strength
3%
1.9Lingering Potion of Swiftness
3%
1.13Lingering Potion of the Turtle Master
3%
1.9Lingering Potion of Water Breathing
3%
1.9Lingering Potion of Weakness
3%
1.19Mangrove Boat with Chest
3%
1.7Minecart with Command Block
3%
1.19Mud Brick Wall
3%
1.17Oxidised Cut Copper
3%
1.17Pointed Dripstone
3%
1.16Polished Basalt
3%
1.16Polished Blackstone Wall
3%
1.17Polished Deepslate Slab
3%
1.17Polished Deepslate Stairs
3%
1.17Polished Deepslate Wall
3%
1.13Prismarine Brick Slab
3%
1.13Prismarine Brick Stairs
3%
1.16Quartz Bricks
3%
1.14Red Nether Brick Wall
3%
1.19Reinforced Deepslate
3%
1.20Relic
3%
1.14Smooth Quartz Stairs
3%
1.14Smooth Red Sandstone Slab
3%
1.14Smooth Red Sandstone Stairs
3%
1.13Splash Potion of the Turtle Master
3%
1.0Strad
3%
1.13Tube Coral
3%
1.16Warped Fungus on a Stick
3%
1.20Warped Hanging Sign
3%
1.16Warped Roots
3%
1.16Warped Wart Block
3%
1.17Waxed Cut Copper
3%
1.17Waxed Cut Copper Stairs
3%
1.17Waxed Weathered Cut Copper
3%
1.17Weathered Cut Copper Stairs
3%
1.3Written Book
3%
1.9Arrow of Invisibility
2%
1.9Arrow of Luck
2%
1.13Arrow of Slow Falling
2%
1.13Arrow of the Turtle Master
2%
1.20Bamboo Hanging Sign
2%
1.13Brain Coral Block
2%
1.13Brain Coral Fan
2%
1.13Bubble Coral Block
2%
1.13Bubble Coral Fan
2%
1.17Bundle
2%
1.13Burried Treasure Map
2%
1.20Calibrated Sculk Sensor
2%
1.20Cherry Gate
2%
1.16Chiseled Polished Blackstone
2%
1.17Cracked Deepslate Bricks
2%
1.16Cracked Polished Blackstone Bricks
2%
1.14Cut Red Sandstone Slab
2%
1.13Dead Brain Coral Block
2%
1.13Dead Brain Coral Fan
2%
1.13Dead Bubble Coral
2%
1.13Dead Bubble Coral Block
2%
1.13Dead Fire Coral
2%
1.13Dead Fire Coral Block
2%
1.13Dead Fire Coral Fan
2%
1.13Dead Horn Coral
2%
1.13Dead Tube Coral
2%
1.13Dead Tube Coral Block
2%
1.13Dead Tube Coral Fan
2%
1.17Deepslate Bricks Slab
2%
1.17Deepslate Bricks Stairs
2%
1.17Deepslate Bricks Wall
2%
1.17Deepslate Tiles Slab
2%
1.17Deepslate Tiles Stairs
2%
1.17Exposed Copper
2%
1.17Exposed Cut Copper
2%
1.17Exposed Cut Copper Slab
2%
1.17Exposed Cut Copper Stairs
2%
1.13Fire Coral Block
2%
1.17Hanging Roots
2%
1.13Horn Coral
2%
1.13Horn Coral Block
2%
1.7Infested Chiseled Stone Bricks
2%
1.14Jigsaw Block
2%
1.9Lingering Potion of Invisibility
2%
1.9Lingering Potion of Luck
2%
1.13Lingering Potion of Slow Falling
2%
1.19Ochre Froglight
2%
1.17Oxidised Cut Copper Slab
2%
1.17Oxidised Cut Copper Stairs
2%
1.19Pearlescent Froglight
2%
1.20Pink Petals
2%
1.20Pitcher Plant
2%
1.20Pitcher Pod
2%
1.16Polished Blackstone Brick Slab
2%
1.16Polished Blackstone Brick Stairs
2%
1.16Polished Blackstone Brick Wall
2%
1.16Polished Blackstone Button
2%
1.16Polished Blackstone Pressure Plate
2%
1.19Recovery Compass
2%
1.17Small Dripleaf
2%
1.9Splash Potion of Luck
2%
1.13Splash Potion of Slow Falling
2%
1.9Splash Water Bottle
2%
1.17Spore Blossom
2%
1.16Stripped Crimson Hyphae
2%
1.16Stripped Warped Hyphae
2%
1.0Thick Potion
2%
1.20Torchflower Seeds
2%
1.14Trader Llama Spawn Egg
2%
1.13Tube Coral Block
2%
1.13Tube Coral Fan
2%
1.16Twisting Vines
2%
1.19Verdant Froglight
2%
1.17Waxed Block of Copper
2%
1.17Waxed Cut Copper Slab
2%
1.17Waxed Exposed Copper
2%
1.17Waxed Exposed Cut Copper
2%
1.17Waxed Exposed Cut Copper Slab
2%
1.17Waxed Exposed Cut Copper Stairs
2%
1.17Waxed Oxidised Copper
2%
1.17Waxed Oxidised Cut Copper
2%
1.17Waxed Oxidised Cut Copper Slab
2%
1.17Waxed Oxidised Cut Copper Stairs
2%
1.17Waxed Weathered Copper
2%
1.17Waxed Weathered Cut Copper Slab
2%
1.17Waxed Weathered Cut Copper Stairs
2%
1.17Weathered Cut Copper Slab
2%
1.16Weeping Vines
2%
1.20Angler Pottery Sherd
1%
1.20Archer Pottery Sherd
1%
1.9Awkward Splash Potion
1%
1.20Bamboo Mosaic Slab
1%
1.20Bamboo Mosaic Stairs
1%
1.17Cave Vines
1%
1.20Cherry Stripped Log
1%
1.20Cherry Stripped Wood
1%
1.17Cracked Deepslate Tiles
1%
1.14Creeper Banner Pattern
1%
1.13Dead Bubble Coral Fan
1%
1.13Dead Horn Coral Block
1%
1.13Dead Horn Coral Fan
1%
1.17Deepslate Tiles Wall
1%
1.19Disc Fragment
1%
1.11Explorer Map
1%
1.14Flower Banner Pattern
1%
1.20Friend Pottery Sherd
1%
1.14Globe Banner Pattern
1%
1.20Heart Pottery Sherd
1%
1.13Horn Coral Fan
1%
1.17Infested Deepslate
1%
1.17Large Amethyst Bud
1%
1.9Lingering Awkward Potion
1%
1.9Lingering Mundane Potion
1%
1.9Lingering Thick Potion
1%
1.9Lingering Water Bottle
1%
1.17Medium Amethyst Bud
1%
1.19Muddy Roots
1%
1.9Mundane Splash Potion
1%
1.20Netherite Upgrade Smithing Template
1%
1.16Nether Sprouts
1%
1.14Skull Banner Pattern
1%
1.17Small Amethyst Bud
1%
1.20Stripped Block of Bamboo
1%
1.9Thick Splash Potion
1%
1.14Thing Banner Pattern
1%
1.20Arms Up Pottery Sherd
0%
1.20Blade Pottery Sherd
0%
1.20Brewer Pottery Sherd
0%
1.20Burn Pottery Sherd
0%
1.20Coast Armor Trim Smithing Template
0%
1.20Danger Pottery Sherd
0%
1.20Dune Armor Trim Smithing Template
0%
1.20Explorer Pottery Sherd
0%
1.20Eye Armor Trim Smithing Template
0%
1.20Heartbreak Pottery Sherd
0%
1.20Host Armor Trim Smithing Template
0%
1.20Howl Pottery Sherd
0%
1.20Miner Pottery Sherd
0%
1.20Mourner Pottery Sherd
0%
1.16Piglin Banner Pattern
0%
1.20Plenty Pottery Sherd
0%
1.20Prize Pottery Sherd
0%
1.20Raiser Armor Trim Smithing Template
0%
1.20Rib Armor Trim Smithing Template
0%
1.20Sentry Armor Trim Smithing Template
0%
1.20Shaper Armor Trim Smithing Template
0%
1.20Sheaf Pottery Sherd
0%
1.20Shelter Pottery Sherd
0%
1.20Silence Armor Trim Smithing Template
0%
1.20Skull Pottery Sherd
0%
1.20Snort Pottery Sherd
0%
1.20Snout Armor Trim Smithing Template
0%
1.20Spire Armor Trim Smithing Template
0%
1.20Tide Armor Trim Smithing Template
0%
1.20Vex Armor Trim Smithing Template
0%
1.20Ward Armor Trim Smithing Template
0%
1.20Wayfinder Armor Trim Smithing Template
0%
1.20Wild Armor Trim Smithing Template
0%

Score Distribution

Percentile by Number Answered

Percent of People with Each Score

Your Score History

You have not taken this quiz since the last reset